000 00509nam a2200181Ia 4500
008 151202s9999||||xx |||||||||||||| ||und||
082 _bPNVM-37162
100 _aआडकर मा.गो.
245 _aरंगतरंग.
260 _bविजया आडकर पुणे.
260 _c1987
300 _a164
600 _aआडकर मा.गो.
630 _aरंगतरंग.
700 _aआडकर मा.गो.
730 _aरंगतरंग.
942 _cBOOK
999 _c1303114
_d1303111